Most Valuable Football Players - Statistics

General Stats
  • This quiz has been taken 43 times
  • The average score is 18 of 25
Answer Stats
Market Value (€) Player Club % Correct
200 Erling Haaland Manchester City
100%
180 Jude Bellingham Real Madrid
94%
180 Kylian Mbappe Real Madrid
94%
140 Bukayo Saka Arsenal
91%
180 Vinicius Junior Real Madrid
91%
150 Phil Foden Manchester City
88%
100 Harry Kane Bayern Munich
85%
130 Florian Wirtz Bayer Leverkusen
79%
130 Jamal Musiala Bayern Munich
79%
120 Lamine Yamal Barcelona
79%
110 Rodrygo Real Madrid
76%
120 Declan Rice Arsenal
73%
130 Rodri Manchester City
70%
110 Martin Odegaard Arsenal
64%
110 Lautaro Martinez Inter Milan
61%
100 Auerlien Tchouameni Real Madrid
58%
100 Victor Osimhen Galatasaray
58%
90 Cole Palmer Chelsea
55%
100 Eduardo Camavinga Real Madrid
55%
120 Federico Valverde Real Madrid
55%
90 Gavi Barcelona
55%
90 Julian Alvarez Atletico Madrid
55%
80 Pedri Barcelona
55%
90 Rafael Leao AC Milan
55%
85 Bruno Guimaraes Newcastle
48%
No matching quizzes found
Score Distribution
Percent of People with Each Score
Percentile by Number Answered
Your Score History
You have not taken this quiz